| 000 | 00728nam a2200205Ia 4500 | ||
|---|---|---|---|
| 003 | GCL | ||
| 008 | 140319s9999 xx 000 0 ara d | ||
| 040 |
_aGCL / _cGCL |
||
| 082 | 0 | 4 |
_a791.4309611 _bهـ ت |
| 100 | 1 | _aهاشم النحاس | |
| 245 | 1 | 0 |
_aالسينما التونسية فى مصر / _cهاشم النحاس |
| 260 |
_aالقاهرة : _bالمجلس الاعلى للثقافة ، _c2003 |
||
| 300 |
_a234 ص ؛ _c24 سم |
||
| 650 | 0 | 4 | _aالافلام السينمائية |
| 650 | 0 | 4 | _aالسينما - نقد |
| 650 | 0 | 4 | _aالافلام السينمائية - تاريخ ونقد |
| 650 | 0 | 4 | _aالافلام السينمائية - مصر |
| 650 | 0 | 4 | _aالسينما - تونس |
| 942 |
_2ddc _cBK |
||
| 999 |
_c56369 _d56369 |
||